Normal view
MARC view
- Busha, Charles H.
Entry Nombre Personal
001 - NUMERO DE CONTROL
- campo de control: 55294
003 - IDENTIFICADOR DE NUMERO DE CONTROL
- campo de control: DLC
005 - FECHA Y HORA DE LA ÜLTIMA TRANSACCIÓN
- campo de control: 20250211092217.0
008 - DATOS DE LONGITUD FIJA
- campo de control de longitud fija: 800730nn azannaabn |n aaa
010 ## - NÚMERO DE CONTROL DE LA BIBLIOTECA DEL CONGRESO
- Número de control LC: n 80046105
035 ## - NUMERO DE CONTROL
- Número de control: (OCoLC)oca00428066
040 ## - FUENTE DE CATALOGACIÓN
- Agencia original de catalogación: DLC
- Lenguaje de catalogación: spa
- Description conventions: rda
- Agencia de transcripción: DLC
- Agencia que lo modifica: P
- Agencia que lo modifica: DLC
046 ## - FECHAS CON CODIFICACIÓN ESPECIAL
- Fecha de nacimiento: 19311214
100 1# - ENCABEZAMIENTO - NOMBRE PERSONAL
- Nombre personal: Busha, Charles H.
670 ## - FUENTE EN LA QUE SE LOCALIZARON DATOS
- Cita de la fuente: A bibliography of business, technical, and scientific books, 1963?
670 ## - FUENTE EN LA QUE SE LOCALIZARON DATOS
- Cita de la fuente: A Library science research reader and bibliographic guide, 1980:
- Información localizada: portada (Charles H. Busha) CIP galley (b. 12/14/31)
670 ## - FUENTE EN LA QUE SE LOCALIZARON DATOS
- Cita de la fuente: Métodos de investigación en bibliotecología, 1990 :
- Información localizada: portada (Charles H. Busha)
902 ## - CATALOGADOR
- Catalogador: VíctorGodínez/110225
